000 01353nam a2200265 a 4500
001 40595
003 BD-RjUL
005 20211209053240.0
008 160504s1990 bg ||||| |||| 00| 0 ben d
020 _c: Tk.80.00
035 _a(BD-RjUL)40710
040 _aBD-RjUL
_bben
_cBD-RjUL
041 _aben
082 _223
_a297.12267
_bALP 1990
100 _aআলী, আবুল হাসান
_9124929
245 1 0 _aপ্রাচ্যের উপহার /
_cআবুল হাসান আলী, তরজমায় : আবু তাহের মেছবাহ, মুহাম্মদ ইসমাঈল ইউসুফ, আবূ সাঈদ মুহাম্মদ ওমর আলী
260 _aঢাকা :
_bইসলামিক ফাউন্ডেশন,
_c১৯৯০
300 _a[তের], ৪১২ পৃ. ;
_c২১ সেমি.
650 _aইসলাম
_9124915
_xঐতিহাসিক সমালোচনা
650 _aIslam
_xhistorical criticism
_9124916
700 _aমেছবাহ, আবু তাহের : তরজমায়
_9124930
700 _aইউসুফ, মুহাম্মদ ইসমাঈল : তরজমায়
_9124931
700 _aআলী, আবূ সাঈদ মুহাম্মদ ওমর : তরজমায়
_9124932
942 _2ddc
_cBK
999 _c40595
_d40595